Statistics for Michael Douglas Movies

Click here to take the quiz!

General Stats

  • This quiz has been taken 297 times
    (75 since last reset)
  • The average score is 12 of 46

Answer Stats

HintAnswer% Correct
1987Wall Street
84%
1984Romancing the Stone
75%
1992Basic Instinct
68%
1997The Game
65%
1985The Jewel of the Nile
63%
1987Fatal Attraction
62%
1993Falling Down
54%
2010Wall Street: Money Never Sleeps
49%
2015Ant-Man
48%
1989The War of the Roses
46%
1998A Perfect Murder
40%
1980The China Syndrome
40%
2018Ant-Man and the Wasp
37%
1994Disclosure
37%
1989Black Rain
35%
1995The American President
32%
2000Traffic
30%
2013Last Vegas
27%
2000Wonder Boys
27%
1992Shining Through
22%
1996The Ghost and the Darkness
22%
2006The Sentinel
21%
2001Don't Say A Word
19%
2013Behind the Candelabra
17%
2003The In-Laws
16%
1978Coma
13%
2007King of California
13%
2006You, Me and Dupree
13%
1985A Chorus Line
11%
2014And So It Goes
11%
2009Beyond a Reasonable Doubt
11%
2003It Runs in the Family
10%
2009Solitary Man
10%
2009Ghosts of Girlfriends Past
8%
1980It's My Turn
8%
1972Napoleon and Samantha
8%
2001One Night at McCool's
8%
1983The Star Chamber
8%
2011Haywire
6%
2017Unlocked
6%
2014Beyond the Reach
5%
1969Hail, Hero!
5%
1971Summertree
5%
1970Adam at SIX A.M.
3%
2017Flatliners
3%
1979Running
3%

Score Distribution

Percentile by Number Answered

Percent of People with Each Score

Your Score History

You have not taken this quiz since the last reset